Представление документа в формате MARC21

ПолеНазваниеЗначение
  Тип записи a
  Библиографический уровень m
001 Контрольный номер RU\infra-m\znanium\bibl\2143543
005 Дата корректировки 20260429142349.6
008 Кодируемые данные 241129s2024 RU g rus u
020 Индекс ISBN __
a ISBN 978-5-8199-0711-5
020 Индекс ISBN __
a ISBN 978-5-16-113193-0 (электр. издание)
020 Индекс ISBN __
a ISBN 978-5-16-013388-1 (ISBN соиздателя)
040 Источник каталогиз. __
a Служба первич. каталог. Общество с ограниченной ответственностью «ЗНАНИУМ»
041 Код языка издания __
a Код языка текста rus
044 Код страны публикации __
a Код страны публикации RU
080 Индекс УДК __
a Индекс УДК 620.2(075.32)
084 Индекс другой классификации/Индекс ББК __
2 Источник индекса rubbk
a Индекс другой классификации/Индекс ББК 30.3я723
084 Индекс другой классификации/Индекс ББК __
2 Источник индекса okso
a Индекс другой классификации/Индекс ББК 11.02.16
084 Индекс другой классификации/Индекс ББК __
2 Источник индекса okso
a Индекс другой классификации/Индекс ББК 13.02.05
084 Индекс другой классификации/Индекс ББК __
2 Источник индекса okso
a Индекс другой классификации/Индекс ББК 23.01.17
084 Индекс другой классификации/Индекс ББК __
2 Источник индекса okso
a Индекс другой классификации/Индекс ББК 23.02.03
084 Индекс другой классификации/Индекс ББК __
2 Источник индекса okso
a Индекс другой классификации/Индекс ББК 23.02.07
084 Индекс другой классификации/Индекс ББК __
2 Источник индекса okso
a Индекс другой классификации/Индекс ББК 24.01.01
084 Индекс другой классификации/Индекс ББК __
2 Источник индекса okso
a Индекс другой классификации/Индекс ББК 24.02.01
084 Индекс другой классификации/Индекс ББК __
2 Источник индекса okso
a Индекс другой классификации/Индекс ББК 26.02.04
100 Автор __
a Автор Стуканов В.А.
q Полное имя Стуканов Вячеслав Александрович
u Дополнение Научно-Исследовательский Институт сельского хозяйства центрально-черноземной полосы имени В.В.Докуча
245 Заглавие __
a Заглавие Материаловедение
b Продолж. заглавия Учебное пособие
c Ответственность Научно-Исследовательский Институт сельского хозяйства центрально-черноземной полосы имени В.В.Докуча
250 Сведения об издании __
a Основные сведения об издании 1
260 Выходные данные __
a Место издания Москва
b Издательство Издательский Дом "ФОРУМ"
c Дата издания 2025
300 Физическое описание __
a Объем 368 с.
440 Серия __
a Серия Среднее профессиональное образование
520 Аннотация __
a Аннотация В учебном пособии рассматриваются материалы применяемые в машиностроении основы производства черных и цветных металлов процессы формирования структуры материалов литейное производство а также различные способы обработки изделий из металлов. Материал соответствует программе учебной дисциплины «Материаловедение». Книга предназначена для преподавателей и студентов средних учебных заведений изучающих специальность «Техническое обслуживание и ремонт автомобильного транспорта».
521 Примеч. о цел. назн. __
a Примеч. о целев. назн. Среднее профессиональное образование
650 Тематические рубрики __
a Основная рубрика Общетехнические дисциплины
x Основная подрубрика Материаловедение
655 Указ. предметных рубрик (устаревшее) __
a Жанр/ форма (устаревшее) Учебное пособие
856 Электронный адрес документа 4_
a Имя сервера/домена znanium.ru
m Помощь ebs_support@infra-m.ru
n Местонахождение сервера НИЦ ИНФРА-М
u URL https://znanium.ru/catalog/document?id=456878
856 Электронный адрес документа 48
a Имя сервера/домена znanium.ru
d Путь /cover/2143
f Электронное имя 2143543.jpg
q Тип электронного формата image/jpeg
u URL https://znanium.ru/cover/2143/2143543.jpg
911 __
u 0030=https://znanium.ru/catalog/document?id=456878